[Event "Mittelfranken Landesliga Nord 2223"]
[Site "Mittelfranken"]
[Date "2022.12.11"]
[Round "4.1"]
[White "Ammon, Tobias"]
[Black "Heika, Martin"]
[Result "0-1"]
[WhiteElo "2159"]
[BlackElo "2232"]
[PlyCount "60"]
[EventDate "2022.10.09"]
[EventType "team-tourn"]
[EventRounds "9"]
[EventCountry "GER"]
[SourceTitle "EXT 2024"]
[Source "ChessBase"]
[SourceDate "2023.10.10"]
[SourceVersion "1"]
[SourceVersionDate "2023.10.10"]
[SourceQuality "1"]
[WhiteTeam "Altensittenbach"]
[BlackTeam "Kareth Lappersdorf"]
[WhiteTeamCountry "GER"]
[BlackTeamCountry "GER"]

1. e4 e6 2. d4 d5 3. e5 c5 4. c3 Nc6 5. Nf3 Bd7 6. Bd3 Nge7 7. 0-0 Ng6 8. Be3 Qb6 9. Qd2 Be7 10. dxc5 Bxc5 11. Bxc5 Qxc5 12. Re1 0-0 13. Na3 a5 14. h4 f5 15. h5 Nh8 16. Nc2 Qe7 17. g3 h6 18. Kg2 Nf7 19. c4 dxc4 20. Bxc4 Rfd8 21. Qe3 Rac8 22. b3 b5 23. Bxb5 Nb4 24. Nxb4 Bxb5 25. a4 Qxb4 26. axb5 Rc3 27. Qb6 Qxb3 28. Re3 Rxe3 29. Qxe3 Rd3 30. Qa7 Qd5 0-1

[Event "Bamberg op 4th"]
[Site "Bamberg"]
[Date "2022.07.29"]
[Round "4"]
[White "Kolb, Tobias"]
[Black "Ammon, Tobias"]
[Result "1/2-1/2"]
[WhiteElo "2355"]
[BlackElo "2177"]
[PlyCount "112"]
[EventDate "2022.07.27"]
[EventType "swiss"]
[EventRounds "9"]
[EventCountry "GER"]
[SourceTitle "EXT 2023"]
[Source "ChessBase"]
[SourceDate "2022.10.05"]
[SourceVersion "1"]
[SourceVersionDate "2022.10.05"]
[SourceQuality "1"]

1. d4 d5 2. c4 c6 3. Nf3 Nf6 4. e3 Bg4 5. h3 Bh5 6. g4 Bg6 7. Ne5 Nbd7 8. Nxg6 hxg6 9. Nc3 e6 10. g5 Ng8 11. h4 Bb4 12. Bd2 Ne7 13. Qg4 Qc7 14. 0-0-0 0-0-0 15. Kb1 a5 16. cxd5 exd5 17. Bd3 Kb8 18. h5 f5 19. Qf3 gxh5 20. Rxh5 g6 21. Rh3 Rxh3 22. Qxh3 Nf8 23. Qh8 Nc8 24. Rh1 Qe7 25. a3 Bd6 26. Ne2 Bc7 27. Qh6 Nd6 28. Nf4 Ne4 29. Be1 Qxg5 30. f3 Qxh6 31. Rxh6 Ng5 32. Bh4 Nf7 33. Bxd8 Nxh6 34. Bg5 Nf7 35. Nh3 Nxg5 36. Nxg5 Kc8 37. Kc2 Kd7 38. f4 Ke7 39. Kc3 Nd7 40. Be2 Nf6 41. Bd1 Bd6 42. Kd3 Nd7 43. Bc2 Nb6 44. Bb3 a4 45. Ba2 Nd7 46. Bb1 Nb6 47. Ba2 Nd7 48. Bb1 b5 49. Nf3 Nb6 50. Nd2 Kf6 51. Kc3 Kg7 52. Bd3 Kf6 53. Bc2 Ke6 54. Bd3 Be7 55. Nf3 Bd6 56. Nd2 Be7 1/2-1/2

[Event "Bayern-ch 92th"]
[Site "Lichtenfels"]
[Date "2021.08.28"]
[Round "9"]
[White "Ammon, Tobias"]
[Black "Wisnet, Dominic"]
[Result "0-1"]
[WhiteElo "2168"]
[BlackElo "2304"]
[PlyCount "122"]
[EventDate "2021.08.22"]
[EventType "swiss"]
[EventRounds "9"]
[EventCountry "GER"]
[SourceTitle "EXT 2023"]
[Source "ChessBase"]
[SourceDate "2022.10.05"]
[SourceVersion "1"]
[SourceVersionDate "2022.10.05"]
[SourceQuality "1"]

1. e4 c5 2. Nf3 d6 3. Bb5+ Bd7 4. Bxd7+ Qxd7 5. 0-0 g6 6. c3 Bg7 7. d4 d5 8. exd5 Qxd5 9. dxc5 Qxd1 10. Rxd1 Na6 11. Be3 Rc8 12. Bd4 f6 13. b4 e5 14. Be3 Ne7 15. Na3 Nc7 16. Nc4 0-0 17. Rd7 Ned5 18. Nd6 Rcd8 19. Rxd8 Rxd8 20. Nxb7 Rb8 21. Na5 Nxc3 22. Nc6 Rb7 23. a4 a6 24. Bd2 N3d5 25. g3 Ne6 26. Rc1 Bf8 27. Rc4 Kf7 28. Ne1 Rc7 29. Na5 Nd4 30. Kg2 Rc8 31. Nc2 Nxc2 32. Rxc2 Ke6 33. Rb2 f5 34. Nc4 Rb8 35. Kf1 Be7 36. Ke2 g5 37. h3 h5 38. Kd3 e4+ 39. Kc2 f4 40. gxf4 gxf4 41. Rb1 Kf5 42. Bc3 Bxc5 43. bxc5 Rxb1 44. Kxb1 Nxc3+ 45. Kc2 Ne2 46. Kd2 Nd4 47. Kc3 Nc6 48. Nd6+ Ke5 49. Kc4 Nd8 50. h4 f3 51. Kc3 Nc6 52. Kd2 Kf4 53. Nc4 Nd4 54. Na5 e3+ 55. fxe3+ Kg3 56. exd4 f2 57. Nc4 f1Q 58. Kc3 Qa1+ 59. Kd3 Qxa4 60. d5 Qd1+ 61. Nd2 Kf2 0-1

[Event "Bayern-ch 92th"]
[Site "Lichtenfels"]
[Date "2021.08.25"]
[Round "6"]
[White "Ammon, Tobias"]
[Black "Bunk, Wolfgang"]
[Result "1-0"]
[WhiteElo "2168"]
[BlackElo "2025"]
[PlyCount "123"]
[EventDate "2021.08.22"]
[EventType "swiss"]
[EventRounds "9"]
[EventCountry "GER"]
[SourceTitle "EXT 2023"]
[Source "ChessBase"]
[SourceDate "2022.10.05"]
[SourceVersion "1"]
[SourceVersionDate "2022.10.05"]
[SourceQuality "1"]

1. e4 c5 2. Nf3 Nc6 3. Bb5 g6 4. Bxc6 dxc6 5. d3 Bg7 6. h3 Qc7 7. a4 a5 8. Nc3 e5 9. Be3 b6 10. 0-0 Ne7 11. Nh2 0-0 12. f4 Bh6 13. Qd2 exf4 14. Bxf4 Bxf4 15. Rxf4 Kg7 16. Raf1 Ng8 17. Ne2 Be6 18. Qc3+ f6 19. Nf3 Rae8 20. Nd2 Bd7 21. R4f2 Be6 22. Nf4 Bf7 23. b3 Qe5 24. Qxe5 fxe5 25. Ne2 Ne7 26. Nf3 Ng8 27. Nd2 Ne7 28. Rf6 Rc8 29. Ng3 Ng8 30. R6f2 Rce8 31. Rf3 Rc8 32. Ne2 Rce8 33. Nc3 Ne7 34. Rf6 Rc8 35. R6f2 Rce8 36. Nd1 Nc8 37. Rf6 Ne7 38. Ne3 b5 39. Ng4 bxa4 40. bxa4 Ng8 41. Rxc6 h5 42. Ne3 Rc8 43. Rxc8 Rxc8 44. Ndc4 Bxc4 45. Nxc4 Rb8 46. Nxa5 Ra8 47. Nc4 Rxa4 48. Nxe5 Ra2 49. Rf7+ Kh6 50. c4 g5 51. g3 Rd2 52. Rf2 Rd1+ 53. Kg2 Kg7 54. Rf7+ Kh6 55. Rf5 Rd2+ 56. Kf3 Rd1 57. Ke2 Rg1 58. Rxg5 Ne7 59. h4 Rg2+ 60. Ke3 Rg1 61. Nf3 Rd1 62. Rxc5 1-0

[Event "Bayern-ch 92th"]
[Site "Lichtenfels"]
[Date "2021.08.25"]
[Round "5"]
[White "Lohr, Maximilian"]
[Black "Ammon, Tobias"]
[Result "1/2-1/2"]
[WhiteElo "2011"]
[BlackElo "2168"]
[PlyCount "40"]
[EventDate "2021.08.22"]
[EventType "swiss"]
[EventRounds "9"]
[EventCountry "GER"]
[SourceTitle "EXT 2023"]
[Source "ChessBase"]
[SourceDate "2022.10.05"]
[SourceVersion "1"]
[SourceVersionDate "2022.10.05"]
[SourceQuality "1"]

1. e4 c5 2. Nf3 e6 3. d4 cxd4 4. Nxd4 Nc6 5. Nc3 Qc7 6. Be3 a6 7. Be2 Nf6 8. 0-0 Bb4 9. Nxc6 bxc6 10. Na4 d5 11. exd5 cxd5 12. Nb6 Rb8 13. Nxc8 Qxc8 14. Bf4 Rb6 15. Be5 Bd6 16. Qd4 Qc7 17. Bxd6 Rxd6 18. c4 dxc4 19. Qxc4 Qxc4 20. Bxc4 Ke7 1/2-1/2

[Event "Bamberg op-A 3rd"]
[Site "Bamberg"]
[Date "2021.07.31"]
[Round "5"]
[White "Loew, Gerald"]
[Black "Ammon, Tobias"]
[Result "0-1"]
[WhiteElo "2166"]
[BlackElo "2134"]
[PlyCount "94"]
[EventDate "2021.07.28"]
[EventType "swiss"]
[EventRounds "7"]
[EventCountry "GER"]
[SourceTitle "EXT 2022"]
[Source "ChessBase"]
[SourceDate "2021.10.06"]
[SourceVersion "1"]
[SourceVersionDate "2021.10.06"]
[SourceQuality "1"]

1. c4 e5 2. Nc3 Nf6 3. Nf3 Nc6 4. e3 Bb4 5. Qc2 Bxc3 6. bxc3 0-0 7. e4 d6 8. d3 h6 9. g3 Bd7 10. Bg2 a6 11. a4 a5 12. 0-0 b6 13. Nh4 Re8 14. h3 Rb8 15. Kh2 Nh7 16. Be3 Ng5 17. Qd2 Ne6 18. d4 Ne7 19. f4 f6 20. Rf2 Rf8 21. Nf5 exf4 22. gxf4 Qe8 23. Nxe7+ Qxe7 24. Bf3 Nd8 25. f5 Nf7 26. h4 Bc6 27. Bf4 Rbe8 28. Re2 Kh7 29. Rg1 Rg8 30. Rg6 Bxa4 31. Qe1 Bb3 32. Qg3 Bxc4 33. Rg2 Qf8 34. Qg4 a4 35. Bc1 Ra8 36. Ba3 Re8 37. Qh5 Bd3 38. Qg4 Nh8 39. e5 fxe5 40. Bd5 Nxg6 41. fxg6+ Kh8 42. Bf7 exd4 43. Qxd4 Be4 44. Rg4 Qe7 45. Bxg8 Kxg8 46. Qxa4 Qe5+ 47. Kg1 Bf3 0-1

[Event "Bamberg op 2nd"]
[Site "Bamberg"]
[Date "2019.06.01"]
[Round "5"]
[White "Ammon, Tobias"]
[Black "Spitzl, Vinzent"]
[Result "1/2-1/2"]
[WhiteElo "2151"]
[BlackElo "2263"]
[PlyCount "66"]
[EventDate "2019.05.29"]
[EventType "swiss"]
[EventRounds "7"]
[EventCountry "GER"]
[SourceTitle "CBM 190 Extra"]
[Source "ChessBase"]
[SourceDate "2019.07.15"]
[SourceVersion "1"]
[SourceVersionDate "2019.07.15"]
[SourceQuality "1"]

1. e4 c6 2. d4 d5 3. Nd2 dxe4 4. Nxe4 Nf6 5. Nxf6+ exf6 6. c3 Bd6 7. Bd3 0-0 8. Qc2 h5 9. Ne2 Re8 10. 0-0 h4 11. h3 Nd7 12. Bd2 Nf8 13. Rad1 f5 14. Rfe1 g6 15. Qc1 Ne6 16. Nf4 Qc7 17. Nxe6 Bxe6 18. c4 f6 19. Re2 Bf7 20. Rde1 Rxe2 21. Rxe2 Rd8 22. Bc3 Bf4 23. Qe1 Rd7 24. b3 Qd6 25. a4 b6 26. Qa1 Kg7 27. Re1 c5 28. d5 Re7 29. Rxe7 Qxe7 30. Qe1 Qd6 31. Qe2 Bh2+ 32. Kh1 Be5 33. Bd2 a5 1/2-1/2

[Event "Bayern-chI Bank Hofmann 22nd"]
[Site "Tegernsee"]
[Date "2018.11.02"]
[Round "7"]
[White "Ammon, Tobias"]
[Black "Bellia, Fabrizio"]
[Result "0-1"]
[WhiteElo "2165"]
[BlackElo "2448"]
[PlyCount "68"]
[EventDate "2018.10.27"]
[EventType "swiss"]
[EventRounds "9"]
[EventCountry "GER"]
[SourceTitle "CBM 187 Extra"]
[Source "ChessBase"]
[SourceDate "2018.11.04"]
[SourceVersion "1"]
[SourceVersionDate "2018.11.04"]
[SourceQuality "1"]

1. e4 e5 2. Nf3 Nc6 3. d4 exd4 4. Nxd4 Bc5 5. Nb3 Bb6 6. Nc3 Nf6 7. Qe2 d6 8. Be3 Qe7 9. 0-0-0 Be6 10. Kb1 Bxe3 11. Qxe3 0-0 12. g3 a5 13. Nd4 Nxd4 14. Rxd4 Ng4 15. Qe2 Qf6 16. Rd2 Ne5 17. Nd5 Bxd5 18. Rxd5 c6 19. Rd1 b5 20. f4 Nc4 21. c3 Rfe8 22. Qf2 Rxe4 23. Bg2 Re7 24. Bxc6 Rc8 25. Bf3 Ne3 26. Rd2 b4 27. cxb4 Qf5+ 28. Ka1 Rec7 29. a4 Nc2+ 30. Ka2 Nxb4+ 31. Ka3 Nc2+ 32. Ka2 Qe6+ 33. b3 Nb4+ 34. Ka3 Rc2 0-1

[Event "Bayern-chI Bank Hofmann 22nd"]
[Site "Tegernsee"]
[Date "2018.10.30"]
[Round "4"]
[White "Mons, Leon"]
[Black "Ammon, Tobias"]
[Result "1/2-1/2"]
[WhiteElo "2554"]
[BlackElo "2165"]
[PlyCount "154"]
[EventDate "2018.10.27"]
[EventType "swiss"]
[EventRounds "9"]
[EventCountry "GER"]
[SourceTitle "CBM 187 Extra"]
[Source "ChessBase"]
[SourceDate "2018.11.04"]
[SourceVersion "1"]
[SourceVersionDate "2018.11.04"]
[SourceQuality "1"]

1. d4 d5 2. Bf4 Nf6 3. e3 c5 4. c3 Nc6 5. Nd2 Qb6 6. Qb3 e6 7. Ngf3 Be7 8. Qc2 Bd7 9. dxc5 Bxc5 10. Bd3 Rc8 11. 0-0 Nh5 12. a3 Nxf4 13. exf4 Bd6 14. g3 h5 15. h4 a5 16. Rfe1 Kf8 17. Re2 Qc7 18. Rae1 Rh6 19. Nf1 Qb8 20. Qd2 b5 21. Ne3 Rd8 22. b4 Qb6 23. Nc2 Ra8 24. Qe3 Qb7 25. Ncd4 Nxd4 26. Nxd4 axb4 27. axb4 Rh8 28. Rc2 g6 29. Qe2 Rb8 30. Ra1 Kg7 31. Rca2 Rhd8 32. Ra7 Qc8 33. R1a3 Rb7 34. Rxb7 Qxb7 35. Bxb5 Be7 36. Bxd7 Rxd7 37. Qb5 Bf6 38. Qxb7 Rxb7 39. Rb3 Bxd4 40. cxd4 Rb5 41. Kf1 Kf6 42. Ke2 Ke7 43. Kd2 Kd7 44. Kc3 Kc6 45. Ra3 Rb7 46. Kb3 Kb6 47. Ra5 Rc7 48. Rc5 Ra7 49. Rc1 Ra8 50. f3 Rh8 51. Rc2 Ra8 52. Rc1 Rh8 53. Ka3 Ra8+ 54. Kb2 Ra4 55. Kb3 Ra8 56. g4 Rh8 57. g5 Ra8 58. Re1 Rg8 59. Re2 Kb5 60. Rc2 Kb6 61. Kc3 Ra8 62. Kd3 Rf8 63. f5 gxf5 64. Ke3 Ra8 65. Kf4 Ra3 66. Rf2 Kb5 67. Ke5 Kxb4 68. Kf6 Kc3 69. Kxf7 Kxd4 70. Kxe6 Ke3 71. Rb2 f4 72. g6 Kxf3 73. g7 Ra8 74. Kxd5 Rg8 75. Rb7 Kg4 76. Rf7 Kxh4 77. Rxf4+ Kg5 1/2-1/2

[Event "Erfurt MT op 27th"]
[Site "Erfurt"]
[Date "2017.12.28"]
[Round "4"]
[White "Petkidis, Anthony"]
[Black "Ammon, Tobias"]
[Result "1-0"]
[WhiteElo "2293"]
[BlackElo "2096"]
[PlyCount "119"]
[EventDate "2017.12.26"]
[EventType "swiss"]
[EventRounds "8"]
[EventCountry "GER"]
[SourceTitle "CBM 182 Extra"]
[Source "ChessBase"]
[SourceDate "2018.02.23"]
[SourceVersion "1"]
[SourceVersionDate "2018.02.23"]
[SourceQuality "1"]

1. e4 c6 2. d4 d5 3. e5 Bf5 4. Nd2 e6 5. Nb3 Nd7 6. Nf3 Ne7 7. Be2 Nc8 8. 0-0 Be7 9. a4 0-0 10. a5 a6 11. Re1 Na7 12. Be3 Qc7 13. c4 dxc4 14. Bxc4 Qd8 15. Nfd2 Nb5 16. Qf3 Nc7 17. Ne4 Nd5 18. Nbc5 Nxc5 19. Nxc5 Bxc5 20. dxc5 Qh4 21. b3 Qg4 22. Qxg4 Bxg4 23. f3 Bf5 24. Rad1 h6 25. Kf2 Rfd8 26. Rd4 Kf8 27. Bd2 Nc7 28. Rd6 Ne8 29. Bb4 Ke7 30. Ke3 Nxd6 31. cxd6+ Kd7 32. Kd4 c5+ 33. Bxc5 Rac8 34. b4 Bc2 35. Ra1 f6 36. Ra2 Bh7 37. Re2 Rf8 38. Bb3 Bb1 39. exf6 Rxf6 40. Ba4+ Rc6 41. Re1 Ba2 42. Re4 Bd5 43. Rg4 Rf7 44. h4 Kd8 45. Bxc6 Bxc6 46. Ke5 Kd7 47. Rf4 Rxf4 48. Kxf4 Ke8 49. Ke5 Kf7 50. h5 Bd7 51. g4 g6 52. hxg6+ Kxg6 53. Be3 Kg7 54. Bxh6+ Kf7 55. Bg5 Bc6 56. Bf6 Ba4 57. g5 Bd7 58. f4 Bc8 59. Kd4 Bd7 60. Kc5 1-0

[Event "Regionalliga Nord-Ost 1718"]
[Site "Bayern"]
[Date "2017.11.12"]
[Round "2.2"]
[White "Ammon, Tobias"]
[Black "Walter, Thomas"]
[Result "1-0"]
[WhiteElo "2161"]
[BlackElo "2026"]
[PlyCount "49"]
[EventDate "2017.10.22"]
[EventType "team-tourn"]
[EventRounds "9"]
[EventCountry "GER"]
[SourceTitle "EXT 2022"]
[Source "ChessBase"]
[SourceDate "2021.10.06"]
[SourceVersion "1"]
[SourceVersionDate "2021.10.06"]
[SourceQuality "1"]
[WhiteTeam "Altensittenbach"]
[BlackTeam "Erlangen SC II"]
[WhiteTeamCountry "GER"]
[BlackTeamCountry "GER"]

1. e4 c5 2. c3 d5 3. exd5 Qxd5 4. Nf3 g6 5. Na3 Bg7 6. Bc4 Qd8 7. 0-0 Nh6 8. d4 cxd4 9. Nxd4 0-0 10. Qb3 Nc6 11. Nxc6 bxc6 12. Bf4 e5 13. Rad1 Qc7 14. Bg5 Bf5 15. Qa4 Ng4 16. h3 Nf6 17. Bb3 Rfe8 18. Nc4 Ne4 19. Be3 Bf8 20. Qa5 Qe7 21. Rfe1 Kg7 22. Nxe5 Ng5 23. Nxf7 Ne6 24. Ng5 Kg8 25. g4 1-0

[Event "Nuremberg Zabo op 19th"]
[Site "Nuremberg"]
[Date "2017.09.17"]
[Round "5"]
[White "Ammon, Tobias"]
[Black "Wettermann, Bernd"]
[Result "1-0"]
[WhiteElo "2111"]
[BlackElo "1640"]
[PlyCount "43"]
[EventDate "2017.09.15"]
[EventType "swiss"]
[EventRounds "5"]
[EventCountry "GER"]
[SourceTitle "EXT 2022"]
[Source "ChessBase"]
[SourceDate "2021.10.06"]
[SourceVersion "1"]
[SourceVersionDate "2021.10.06"]
[SourceQuality "1"]

1. e4 e5 2. Nc3 Nf6 3. Bc4 Bc5 4. d3 Nc6 5. f4 d6 6. Nf3 Na5 7. Bb3 Nxb3 8. axb3 c6 9. Rf1 Bg4 10. h3 Bxf3 11. Qxf3 Qc7 12. Na4 0-0 13. fxe5 Nd7 14. exd6 Bxd6 15. Bf4 Qa5+ 16. Ke2 f5 17. Bxd6 fxe4 18. Qxe4 Rae8 19. Rxf8+ Rxf8 20. Qe6+ Rf7 21. Rf1 Qh5+ 22. g4 1-0

[Event "Nuremberg Zabo op 19th"]
[Site "Nuremberg"]
[Date "2017.09.17"]
[Round "4"]
[White "Faralisz, Patrick"]
[Black "Ammon, Tobias"]
[Result "1-0"]
[WhiteElo "1863"]
[BlackElo "2111"]
[PlyCount "129"]
[EventDate "2017.09.15"]
[EventType "swiss"]
[EventRounds "5"]
[EventCountry "GER"]
[SourceTitle "EXT 2022"]
[Source "ChessBase"]
[SourceDate "2021.10.06"]
[SourceVersion "1"]
[SourceVersionDate "2021.10.06"]
[SourceQuality "1"]

1. e4 c6 2. d4 d5 3. e5 Bf5 4. Nf3 e6 5. Be2 c5 6. 0-0 Nc6 7. Be3 cxd4 8. Nxd4 Bg6 9. Bb5 Nge7 10. c4 a6 11. Nxc6 Nxc6 12. Ba4 dxc4 13. Bxc6+ bxc6 14. Qa4 Qc7 15. Qxc4 Be7 16. Nc3 0-0 17. Bc5 Rfd8 18. Bxe7 Qxe7 19. Rfd1 Qb7 20. Qh4 Qc7 21. h3 h5 22. Qf4 Qb6 23. b3 Qa5 24. Qe3 Qb4 25. Rd2 Rxd2 26. Qxd2 Qc5 27. Re1 Qa5 28. f4 Rd8 29. Qc1 Rd3 30. Na4 Qd5 31. Qc5 Rd2 32. Qxd5 cxd5 33. Nc3 Rc2 34. Ne2 Rxa2 35. Nd4 Rd2 36. Nf3 Rd3 37. Ra1 Be4 38. Ng5 Rxb3 39. Rxa6 g6 40. Ra8+ Kg7 41. Ra7 Rb2 42. Nxe6+ Kg8 43. Ra8+ Kh7 44. Ng5+ Kg7 45. Ra7 Rxg2+ 46. Kf1 Rxg5 47. fxg5 Bf5 48. h4 Kf8 49. Ke2 d4 50. Ra4 Ke7 51. Rxd4 Ke6 52. Ke3 Kxe5 53. Ra4 Be6 54. Ra5+ Bd5 55. Rb5 Ke6 56. Kd4 Bg2 57. Re5+ Kd6 58. Re2 Bd5 59. Rf2 Bb3 60. Rb2 Be6 61. Rb6+ Ke7 62. Ke5 Bc8 63. Rb8 Ba6 64. Ra8 Bc4 65. Ra7+ 1-0

[Event "Regionalliga NO 1617"]
[Site "Bayern"]
[Date "2016.12.04"]
[Round "3.1"]
[White "Ammon, Tobias"]
[Black "Willim, Michael"]
[Result "0-1"]
[WhiteElo "2132"]
[BlackElo "2003"]
[PlyCount "64"]
[EventDate "2016.10.16"]
[EventType "team-tourn"]
[EventRounds "9"]
[EventCountry "GER"]
[SourceTitle "EXT 2019"]
[Source "ChessBase"]
[SourceDate "2018.10.10"]
[SourceVersion "1"]
[SourceVersionDate "2018.10.10"]
[SourceQuality "1"]
[WhiteTeam "Altensittenbach"]
[BlackTeam "Erlangen SC II"]
[WhiteTeamCountry "GER"]
[BlackTeamCountry "GER"]

1. d4 e6 2. Nc3 Nf6 3. e4 d5 4. Bg5 Bb4 5. exd5 Qxd5 6. Nf3 Ne4 7. Bd2 Bxc3 8. bxc3 Nxd2 9. Qxd2 Qa5 10. Bd3 Bd7 11. 0-0 Bc6 12. Ne5 Ba4 13. Rab1 Bc6 14. Qf4 0-0 15. Nxc6 bxc6 16. Rb7 Rc8 17. h4 g6 18. h5 Nd7 19. hxg6 hxg6 20. Be4 Qxc3 21. Rd1 Kg7 22. Rxc7 Nf6 23. Rxc8 Rxc8 24. Qe5 Rh8 25. g4 Qh3 26. f3 Qh1+ 27. Kf2 Rh2+ 28. Ke3 Qg2 29. Bd3 Qf2+ 30. Kf4 Rh3 31. Be4 Qg3+ 32. Kg5 Rh5# 0-1

[Event "Regionalliga NO 1617"]
[Site "Bayern"]
[Date "2016.11.20"]
[Round "2.1"]
[White "Ammon, Tobias"]
[Black "Egger, Thomas"]
[Result "1/2-1/2"]
[WhiteElo "2132"]
[BlackElo "2163"]
[PlyCount "92"]
[EventDate "2016.10.16"]
[EventType "team-tourn"]
[EventRounds "9"]
[EventCountry "GER"]
[SourceTitle "EXT 2019"]
[Source "ChessBase"]
[SourceDate "2018.10.10"]
[SourceVersion "1"]
[SourceVersionDate "2018.10.10"]
[SourceQuality "1"]
[WhiteTeam "Altensittenbach"]
[BlackTeam "Buechenbach/Roth"]
[WhiteTeamCountry "GER"]
[BlackTeamCountry "GER"]

1. e4 e6 2. d4 d5 3. e5 c5 4. c3 Nc6 5. Nf3 Nge7 6. Na3 cxd4 7. cxd4 Nf5 8. Nc2 Nb4 9. Nxb4 Bxb4+ 10. Bd2 Bxd2+ 11. Qxd2 Bd7 12. Bd3 Nh4 13. Nxh4 Qxh4 14. Qb4 Bc6 15. 0-0 a5 16. Qc5 Qe7 17. Rfc1 Qxc5 18. Rxc5 Kd7 19. Rac1 h6 20. f4 Rhc8 21. g4 Ba4 22. b3 Rxc5 23. Rxc5 Bc6 24. a3 b6 25. Rc3 Rc8 26. Kf2 Bb7 27. Rxc8 Bxc8 28. h4 g6 29. h5 gxh5 30. g5 hxg5 31. fxg5 Ke7 32. Kg3 Bd7 33. Kh4 Kf8 34. Kxh5 Kg7 35. Kg4 Bc6 36. Kf4 Kf8 37. g6 fxg6 38. Kg5 Kg7 39. Bxg6 Bb5 40. Bh5 Bd3 41. Bg4 Kf7 42. Kh6 b5 43. Bh5+ Ke7 44. Bg6 Be2 45. b4 axb4 46. axb4 Bc4 1/2-1/2